Statistics for England - Iceland UEFA Euro 2016 - Round Of 16

Click here to take the quiz!

General Stats

  • This quiz has been taken 22 times
  • The average score is 17 of 30

Answer Stats

Answer % Correct
Joe Hart
95%
Harry Kane
85%
Chris Smalling
85%
Gylfi Sigurðsson
80%
Raheem Sterling
80%
Ragnar Sigurðsson ¹
80%
Gary Cahill
80%
Kyle Walker
75%
Wayne Rooney ¹
75%
Dele Alli
70%
Daniel Sturridge
70%
Eric Dier
70%
Danny Rose
70%
Jamie Vardy
70%
Roy Hodgson
65%
Kári Árnason
55%
Marcus Rashford
55%
Teddy Bjarnason
50%
Aron Gunnarsson
50%
Birkir Bjarnason ¹
50%
Kolbeinn Sigþórsson ¹
50%
Jack Wilshere
40%
Hannes Halldórsson
40%
Lars Lagerbäck
25%
Jón Böðvarsson
25%
Jóhann Guðmundsson
25%
Ari Skúlason
20%
Birkir Sævarsson
20%
Arnór Traustason
15%
Heimir Hallgrímsson
15%

Score Distribution

Percentile by Number Answered

Percent of People with Each Score

Your Score History

You have not taken this quiz